Los hijos de D. Juan I (Record no. 111457)

MARC details
000 -LEADER
campo de control de longitud fija 00745nam a2200193 i 4500
001 - NÚMERO DE CONTROL
campo de control 111457
003 - IDENTIFICADOR DE NÚMERO DE CONTROL
campo de control ES-MaACL
005 - FECHA Y HORA DE LA ÚLTIMA TRANSACCIÓN
campo de control 20251014063145.0
007 - CAMPO FIJO DE DESCRIPCIÓN FÍSICA--INFORMACIÓN GENERAL
campo de control de longitud fija t|
008 - DATOS DE LONGITUD FIJA--INFORMACIÓN GENERAL
campo de control de longitud fija 061121s1946 ag r ||||1| spa d
100 1# - ENTRADA PRINCIPAL--NOMBRE DE PERSONA
Nombre de persona Martins, Oliveira,
Fechas asociadas al nombre 1845-1894
9 (RLIN) 129586
245 14 - MENCIÓN DEL TÍTULO
Título Los hijos de D. Juan I
Resto del título : príncipes, guerreros y navegantes fundadores de un imperio /
Mención de responsabilidad, etc. Joaquim Pedro de Oliveira Martins ; versión castellana de Carmen de las Cuevas.
260 ## - PUBLICACIÓN, DISTRIBUCIÓN, ETC.
Lugar de publicación, distribución, etc. Buenos Aires :
Nombre del editor, distribuidor, etc. Atalaya,
Fecha de publicación, distribución, etc. 1946.
300 ## - DESCRIPCIÓN FÍSICA
Extensión 267 p. :
Otras características físicas il. ;
Dimensiones 24 cm.
651 #4 - PUNTO DE ACCESO ADICIONAL DE MATERIA--NOMBRE GEOGRÁFICO
Nombre geográfico Portugal-
Subdivisión general Historia-
Subdivisión cronológica 1385-1580, Época de los descubrimientos.
9 (RLIN) 168875
700 1# - ENTRADA AGREGADA--NOMBRE PERSONAL
Nombre de persona Cuevas, Carmen de las.
9 (RLIN) 42094
852 ## - LOCALIZACIÓN
Ubicación ES-MaACL
Número de control de estantería E-1952
Sublocalización o colección R.22855
Holdings
Estatus retirado Estado de pérdida Estado de daño No para préstamo Biblioteca de origen Biblioteca actual Ubicación en estantería Fecha de adquisición Fuente de adquisición Total de préstamos Signatura topográfica completa Código de barras Visto por última vez Precio de reemplazo Tipo de ítem Koha
        Biblioteca del Ateneo de Madrid Biblioteca del Ateneo de Madrid Depósito 2 17/01/2008     E-1952 1116277 23/02/2023 23/02/2023 Libro impreso